000 00850nam a2200181 a 4500
001 43071
005 20180714021455.0
008 140415s1999 000 0 eng d
020 _a0309065585
041 _aeng
082 _a384.3
_bTRU
245 0 0 _aTRUST IN CYBERSPACE
250 _a1a ed.
260 _a[s.l.] :
_bNATIONAL ACADEMIC PRESS,
_c1999
300 _a331
_cx 16 x 24
520 _aTRUST IN CYBERSPACE: ESTE LIBRO PROVEE UN ASESORAMIENTO DEL ARTE DE CONSTRUIR SISTEMAS DE INFORMACION, TAMBIEN MUESTRA DIRECCIONES PARA INVESTIGAR CON TECNOLOGIA DE COMPUTADORAS. QUERRA LEER ESTE LIBRO SI ALGUNA VEZ EN SU VIDA TIENE ALGO QUE VER CON COMPUTADORAS O ALGUNA TELECOMUNICACION.
650 1 4 _aINTERNET (RED DE CONPUTADORES)
_xREDES DE COPUTADORES
_xMEDIDAS DE SEGURIDAD
_xTELECOMUNICACIN
_xPOLTICA GUBERNAMENTAL
_xESTADOS UNIDOS
999 _c43071
_d43071